[Event "OP-2010-0-01248"]
[Site "LSS email"]
[Date "2010.08.31"]
[Round "?"]
[White "Iromy, Sharnark"]
[Black "Tassinati, Mirco"]
[Result "0-1"]
[WhiteElo "800"]
[BlackElo "564"]
[PlyCount "34"]
[EventDate "2010.08.26"]
[EventType "tourn (corr)"]
[EventRounds "4"]
[EventCountry "GER"]
[SourceTitle "Corr 2015"]
[Source "ChessBase"]
[SourceDate "2015.07.17"]
[SourceVersion "1"]
[SourceVersionDate "2015.07.17"]
[SourceQuality "1"]

1. e4 e5 2. Nf3 Nf6 3. Nxe5 d6 4. Ng4 Bxg4 5. f3 Bh5 6. d4 Nc6 7. d5 Ne5 8. Bf4 Be7 9. Bxe5 dxe5 10. Bb5+ Nd7 11. 0-0 0-0 12. b4 Bxb4 13. a3 Bc5+ 14. Kh1 Bd4 15. c3 Bb6 16. a4 f5 17. d6 fxe4 0-1

[Event "OP-2010-0-01247"]
[Site "LSS email"]
[Date "2010.08.30"]
[Round "?"]
[White "Iromy, Sharnark"]
[Black "Pazderski, Ludwik"]
[Result "0-1"]
[WhiteElo "800"]
[BlackElo "2125"]
[PlyCount "32"]
[EventDate "2010.08.26"]
[EventType "tourn (corr)"]
[EventRounds "4"]
[EventCountry "GER"]
[SourceTitle "Corr 2015"]
[Source "ChessBase"]
[SourceDate "2015.07.17"]
[SourceVersion "1"]
[SourceVersionDate "2015.07.17"]
[SourceQuality "1"]

1. e4 e5 2. Nf3 Nc6 3. Bb5 a6 4. Bxc6 dxc6 5. Nxe5 Qd4 6. Nf3 Qxe4+ 7. Qe2 Qxe2+ 8. Kxe2 Bf5 9. Na3 Bxa3 10. bxa3 Bxc2 11. Re1 0-0-0 12. Ne5 f6 13. Nf7 Re8+ 14. Kf1 Bd3+ 15. Re2 Bxe2+ 16. Kg1 Bc4 0-1